00478nam a22001577a 450000500170000001000150001702000230003203500140005503700130006908200140008210000220009624500730011826000470019127000550023830000270029320190125143454.0 aENG-124645 a8184083807c995.00 aEN-108177 bDBAD/PUB a394.26545 aSingh,Chitralekha aHindu festivals,fairs and fasts/cby Chitralekha Singh and Prem Nath aNew Delhi bIndiana Publishing Housec2018 a2/13, Ansari Road, Daryaganj,bNew Delhi e110002 a220p. c24cm.(Hb)bill